Music Quiz

Random Music or Missing Word Quiz

The Last Word: Female Singers II Quiz Stats

Quiz Updated Aug 27, 2016

Challenge
Share
Tweet
Embed
Score 0/36 Timer 05:00
2 Plays Today
Hint Answer % Correct
Cyndi LauperTime
97.8%
Celine DionOn
96.1%
Celine DionMe
90.7%
Whitney HoustonAll
89.6%
AdeleDeep
87.2%
Barbra StreisandLove
86.7%
Karen CarpenterBegun
85.2%
Celine DionMyself
84.9%
Aretha FranklinDay
84.5%
Tina TurnerBest
83.5%
Barbra StreisandWere
80%
Karen CarpenterWorld
79.9%
Tina TurnerTogether
79.7%
AdeleRain
75.1%
Whitney HoustonKnow
74.5%
Cyndi LauperColors
74%
Tina TurnerDancer
71%
Janet JacksonMatter
70.6%
Hint Answer % Correct
Janet JacksonGoes
68.4%
CherJames
68.2%
Donna SummerBaby
67%
Barbra StreisandFlowers
64.4%
Norah JonesYou
63.7%
CherThieves
63.7%
Donna SummerPark
57.8%
Cyndi LauperFun
56.5%
Norah JonesWhy
54.4%
Whitney HoustonTonight
52%
Janet JacksonAgain
50.6%
Aretha FranklinWho
49.8%
AdelePavements
49.5%
Karen CarpenterMondays
49%
Aretha FranklinHarlem
39.9%
Donna SummerGirls
39.2%
CherSomeone
16.5%
Norah JonesPirates
6%

You're not logged in!

Compare scores with friends on all Sporcle quizzes.
Join for Free
OR
Log In

You Might Also Like...

Show Comments

Extras

Top Quizzes Today


Score Distribution

Your Account Isn't Verified!

In order to create a playlist on Sporcle, you need to verify the email address you used during registration. Go to your Sporcle Settings to finish the process.

Report this User

Report this user for behavior that violates our Community Guidelines.

Details: